Biggest U.S. Metro Areas Without a Major OR Minor League Baseball Team - Statistics

General Stats
  • This quiz has been taken 55 times
  • The average score is 11 of 25
Answer Stats
Metro Population Metro Areas % Correct
820,000 Boise
75%
680,000 Madison
68%
770,000 Colorado Springs
66%
1,680,000 Providence
66%
1,060,000 Tucson
66%
990,000 Honolulu
61%
960,000 New Orleans
61%
910,000 Bakersfield
57%
520,000 Lexington
57%
900,000 Albany
52%
870,000 Baton Rouge
52%
2,820,000 Orlando
52%
900,000 McAllen
43%
1,050,000 Rochester
43%
950,000 Bridgeport
41%
570,000 New Haven
41%
730,000 Provo
34%
470,000 Wilmington
30%
660,000 Ogden
20%
830,000 Oxnard
18%
640,000 Melbourne
16%
500,000 Killeen
11%
560,000 Lancaster
9%
480,000 Santa Rosa
9%
460,000 York
9%
No matching quizzes found
Score Distribution
Percent of People with Each Score
Percentile by Number Answered
Your Score History
You have not taken this quiz